000
00287nam a2200133Ia 4500
100
_a
Gokhale//S.W
942
_c
BK
654
_a
economics
245
_a
Principles of Ecoomics and Management
260
_b
McGraw Hill
_c
2003
082
_a
658
_b
GOK
300
_a
408
546
_a
ENGLISH
999
_c
32999
_d
32999